Eastern Utah Libraries Catalog: Duchesne, Heber, Roosevelt, & Vernal

The Porter Rockwell chronicles. (Record no. 37180)

MARC details
000 -LEADER
fixed length control field 00998cam a2200313 a 4500
003 - CONTROL NUMBER IDENTIFIER
control field OCoLC
005 - DATE AND TIME OF LATEST TRANSACTION
control field 20241220114821.0
008 - FIXED-LENGTH DATA ELEMENTS--GENERAL INFORMATION
fixed length control field 021217s2002 utu 000 1 eng d
001 - CONTROL NUMBER
control field 51236772
020 ## - INTERNATIONAL STANDARD BOOK NUMBER
International Standard Book Number 096160249X
035 ## - SYSTEM CONTROL NUMBER
System control number (Sirsi) i9780961602499
040 ## - CATALOGING SOURCE
Original cataloging agency UUC
Transcribing agency UUC
043 ## - GEOGRAPHIC AREA CODE
Geographic area code n-usp--
-- n-us-ut
049 ## - LOCAL HOLDINGS (OCLC)
Holding library UUPA
092 ## - LOCALLY ASSIGNED DEWEY CALL NUMBER (OCLC)
Classification number DEW
100 1# - MAIN ENTRY--PERSONAL NAME
Personal name Dewey, Richard Lloyd.
9 (RLIN) 30203
245 14 - TITLE STATEMENT
Title The Porter Rockwell chronicles.
Number of part/section of a work Vol. 4 /
Statement of responsibility, etc Richard Lloyd Dewey.
246 1# - VARYING FORM OF TITLE
Display text Subtitle on jacket:
Title proper/short title Biographical novel of his miraculous life, loves & legacy
260 ## - PUBLICATION, DISTRIBUTION, ETC. (IMPRINT)
Place of publication, distribution, etc Provo, Utah :
Name of publisher, distributor, etc Stratford Books,
Date of publication, distribution, etc c2002.
300 ## - PHYSICAL DESCRIPTION
Extent 568 p. ;
Dimensions 24 cm.
500 ## - GENERAL NOTE
General note 813.6.
600 10 - SUBJECT ADDED ENTRY--PERSONAL NAME
Personal name Rockwell, Orrin Porter,
Dates associated with a name 1813-1878
Form subdivision Fiction.
9 (RLIN) 5719751
650 #0 - SUBJECT ADDED ENTRY--TOPICAL TERM
Topical term or geographic name as entry element Mormons
Geographic subdivision Utah
Chronological subdivision 19th century
Form subdivision Fiction.
9 (RLIN) 6505307
650 #0 - SUBJECT ADDED ENTRY--TOPICAL TERM
Topical term or geographic name as entry element Frontier and pioneer life
Geographic subdivision West (U.S.)
Form subdivision Fiction.
9 (RLIN) 5687767
655 #0 - INDEX TERM--GENRE/FORM
Genre/form data or focus term Biographical fiction.
9 (RLIN) 6157632
942 ## - ADDED ENTRY ELEMENTS (KOHA)
Koha item type BOOK
979 ## -
-- 469746
998 ## - LOCAL CONTROL INFORMATION (RLIN)
-- a82869
Holdings
Withdrawn status Lost status Source of classification or shelving scheme Damaged status Not for loan Collection code Home library Current library Shelving location Date acquired Source of acquisition Serial Enumeration / chronology Total Checkouts Total Renewals Full call number Barcode Checked out Date last seen Date checked out Cost, replacement price Price effective from Koha item type
    Dewey Decimal Classification     Adult Fiction LDS Wasatch County Library Wasatch County Library First Floor 03/14/2024 Amazon #4 Porter Rockwell Chronicles 4 3 F LDS Dewey 34301002069518 04/30/2026 03/04/2026 03/04/2026 24.88 03/14/2024 BOOK
This project was made possible through a grant from the Institute of Museum and Library Service administered by the Utah State Library Division.

Wasatch County Library

  • 465 East 1200 South, Heber City, Utah 84032
  • Phone 435-654-1511 | Fax 435-654-6456

Hours

  • Monday - Friday 9:30 AM - 8:00 PM
  • Saturday 9:30 AM - 1:30 PM
  • Closed Sundays and Holidays